000 00306nam a22001337a 4500
008 210311b ||||| |||| 00| 0 eng d
041 _aeng
080 _25th
_a510
082 _25th
_a510
100 _a36
101 _aMAT
245 _aNumerical Mathematical Analysis
_cScarborough,B.J
942 _2udc
_cBK
999 _c56388
_d56388